Desarrollo profesional docente: experiencias de colaboración en Enseñanza Media

Gorde:
Xehetasun bibliografikoak
Egile nagusia: Noguera Echenique, María Inés (autora)
Formatua: Liburua
Hizkuntza:gaztelania
Argitaratua: Santiago Mineduc 2002
Gaiak:
Etiketak: Etiketa erantsi
Etiketarik gabe, Izan zaitez lehena erregistro honi etiketa jartzen!

MARC

LEADER 00000nam a2200000 a 4500
001 UCL1981
003 CL-VaPUC
008 030926e20020000CL |||||||||||||||||spa|d
020 |a 9562920534 
082 0 4 |a 371.1  |b NOG  |2 21 
100 |a Noguera Echenique, María Inés  |e autora  |9 479012 
245 1 0 |a Desarrollo profesional docente: experiencias de colaboración en Enseñanza Media 
300 |a 83 p 
942 |c BK 
945 |d 20030926 00:00:00  |a cmena 
260 |a Santiago  |b Mineduc  |c 2002 
650 0 |a Formación profesional de profesores  |9 307493 
650 0 |a Innovaciones pedagógicas  |9 307471 
650 0 |a Planificación de la educación   |9 307333 
650 0 |a Calidad de la educación   |9 307271 
650 0 |a Igualdad de oportunidades  |9 331873 
583 |a last modification  |c 20030926 00:00:00  |k Rodrigo Vera 
999 |c 305409  |d 305407